000 00527nam a2200181Ia 4500
003 LK-CoDNM
008 010623t2008 xxu||||| |||| 00| 1 sin d
040 _aLK-CoDNM
_dLK-CoDNM
_eLK-CoDNM
041 _asin
080 _a351.823.1
_bSOM
100 _aSomasundara, Dayananda
245 _aකෘෂි ආර්ථික විද්‍යාව-මූලධර්ම
246 _aAgricultural economics principles
260 _bS.Godage
_aColombo 10
_c2008
300 _b268, 21.5 cm
650 _aEconomic
942 _cBK
999 _c127595
_d127595